000 01751nam a22002657a 4500
008 250514b |||||||| |||| 00| 0 eng d
020 _a9781788736329
040 _ctbs
041 _aeng
041 _hfre
050 _aJC328.3
_b.G7613 2020
100 _aGros, Frédéric
_925233
_eauthor
240 _aDésobéir
_lEnglish.
245 _aDisobey!
_b: a philosophy of resistance
_c/ Frédéric Gros ; translated by David Fernbach.
260 _aLondon ;
_aNew York :
_bVerso,
_c2021.
300 _a214 pages ;
_c22 cm.
504 _aIncludes index.
520 _aThe world is out of joint, so much so that disobeying should be an urgent act for everyone. In this provocative essay, Frédéric Gros explores the roots of political obedience, social conformity, economic subjection, respect for authorities, constitutional consensus. Examining the various styles of obedience provides tools to study, invent and induce new forms of civic disobedience and lyrical protest. Nothing can be taken for granted: neither supposed certainties nor social conventions, economic injustice or moral conviction. Thinking philosophically requires us to never accept truths and generalities that seem obvious-it restores a sense of political responsibility. At a time when the decisions of experts are presented as the result of icy statistics and anonymous calculations, disobeying becomes an assertion of humanity. To philosophize is to disobey. This book is a call for critical democracy and ethical resistance.
650 0 _aCivil disobedience
_925234
650 0 _aGovernment, Resistance to
_924522
650 0 _aSocial conflict
_9355
650 0 _aPolitical science
_xPhilosophy
_913981
700 _aFernbach, David
_925235
_etranslator
942 _2lcc
999 _c4662
_d4662